Presuňte firemné dáta na cloud. Úsporne, bezpečne, spoľahlivo

V súčasnosti mnohé firmy, od menších začínajúcich podnikov až po neziskové organizácie, využívajú cloudové systémy z rôznych dôvodov. Prináša im to rýchlosť, efektívnosť a nižšie náklady.

Salvato in:
Dettagli Bibliografici
Natura: Capitolo di libro
Lingua:slovacco
Soggetti:
Tags: Aggiungi Tag
Nessun Tag, puoi essere il primo ad aggiungerne!!

MARC

LEADER 00000naa a2200000 4500
001 0251702
005 20190311123653.8
041 0 |a slo 
044 |a SK 
245 1 0 |a Presuňte firemné dáta na cloud. Úsporne, bezpečne, spoľahlivo 
520 |a V súčasnosti mnohé firmy, od menších začínajúcich podnikov až po neziskové organizácie, využívajú cloudové systémy z rôznych dôvodov. Prináša im to rýchlosť, efektívnosť a nižšie náklady. 
610 2 0 |a cloud computing 
610 2 0 |a bezpečnosť informačná 
610 2 0 |a systémy informačné 
610 2 0 |a služby digitálne 
610 2 0 |a služby informačné 
610 2 0 |a obchod elektronický